| 000 | 01758cam a22004934 4500 | ||
|---|---|---|---|
| 003 | PE-LiUPU | ||
| 005 | 20250731173434.0 | ||
| 008 | 2013 xxu | ||
| 020 | _a0789914328 | ||
| 035 | _a(Sirsi) i9780789914323 | ||
| 035 | _a(Sirsi) 51516 | ||
| 035 | _a(Sirsi) 51516 | ||
| 041 | _aes | ||
| 044 | _aus | ||
| 049 | _aPRUA | ||
| 082 | 0 | 4 |
_a248.846 _bB97 |
| 100 | 1 |
_aButterworth, Bill, _eautor. |
|
| 245 | 1 | 3 |
_aLa nueva vida después del divorcio / _cBill Butterwort. |
| 250 | _aPrimera edición. | ||
| 264 | 1 |
_aMiami, Florida : _bUnilit, _c2013. |
|
| 300 |
_a175 páginas ; _c21 centímetros |
||
| 505 | 0 | _aLo básico -- Necesito aceptarme a mí mismo -- Necesito la sanidad de Dios -- Necesito la ayuda de otras personas -- Ayudantes probados a lo largo del camino -- La ventaja del tiempo, la distancia y el consejo sabio -- El valor de las relacion | |
| 526 | _aSEG42 | ||
| 526 | _aSEG41 | ||
| 526 | _aSEG40 | ||
| 526 | _aSEG39 | ||
| 526 | _aP94 | ||
| 526 | _aP87 | ||
| 526 | _aP86 | ||
| 526 | _aP85 | ||
| 526 | _aP77 | ||
| 526 | _aP76 | ||
| 526 | _aP35 | ||
| 650 | 1 | 4 |
_aDivorciados _xVida religiosa. |
| 650 | 1 | 4 |
_aDivorcio _xCristianismo. |
| 700 | 1 |
_aMonsalve, Raquel _etr. |
|
| 859 |
_q68475 _h248.846 _iB97 |
||
| 910 |
_agl _b _clch _d20131118 |
||
| 942 |
_2ddc _cBOOK |
||
| 949 |
_a248.846 B97 _i68475 _lCCODEBUL1 _mBUL _tLIBRO _o.STAFF. Colección Teología |
||
| 596 | _a1 | ||
| 999 |
_a248.846 B97 _wDEWEY _c55859 _i68475 _d55859 _e2018-8-23 _f2021-11-10 _g5 _lCCODEBUL1 _mBUL _n7 _p13.00 _q2 _r0 _sY _tBOOK _u2015-7-6 _xTEOLOGIA _PP35 _0COMPRA _o.STAFF. Colección Teología |
||
| 980 |
_81 _gALBERTO SANCHEZ Responsable de Automatización |
||